000 00631nam a22001697a 4500
005 20251108164727.0
008 250721s1989 xx 000 0 ara d
082 1 4 _a614.87/مرك
245 1 0 _aالإسعافات الأولية للإصابات الرياضية :
_bطرق الوقاية و العلاج /
264 1 _aالقاهره :
_bالدار المصرية اللبنانية،
_c1989.
300 _a
650 1 7 _aالإسعاف الأولي
650 1 7 _aالإصابات الرياضية
710 2 _aالمركز الدولي للعلاج الطبيعي (القاهره)
942 _2ddc
_cBK
999 _c12870
_d12870